Grupos topológicos

Gespeichert in:
Bibliographische Detailangaben
1. Verfasser: Llorente, Pascual (autor)
Format: Buch
Sprache:Spanisch
Veröffentlicht: Maracaibo Universidad de Zulia 1975
Schlagworte:
Tags: Tag hinzufügen
Keine Tags, Fügen Sie den ersten Tag hinzu!

MARC

LEADER 00000nam a2200000 a 4500
001 UCQ8811
003 CL-VaPUC
008 981217e19750000VE |||||||||||||||||spa|d
082 0 4 |a 512.55  |b LLO  |2 21 
100 |a Llorente, Pascual  |e autor  |9 423046 
245 1 0 |a Grupos topológicos 
300 |a 2 v 
942 |c BK 
945 |d 19981217 00:00:00  |a crobeson 
260 |a Maracaibo  |b Universidad de Zulia  |c 1975 
500 |a v.1: Estructuras 
500 |a v.2: Teoría de la dualidad 
650 7 |a GRUPOS TOPOLOGICOS  |2 CL-VaPUC  |9 270584 
650 7 |a GRUPOS ABELIANOS  |2 CL-VaPUC  |9 270300 
650 0 |a Espacios topológicos   |9 360015 
583 |a last modification  |c 19981217 00:00:00  |k Rodrigo Vera 
999 |c 277986  |d 277984 
952 |0 0  |1 0  |4 0  |6 512_550000000000000_LLO_1975  |7 0  |8 A  |9 316293  |a BIBMAT  |b BIBMAT  |d 2019-11-20  |h v.1  |i 1305190  |o 512.55 LLO 1975  |p 1305190  |r 2025-01-07  |w 2019-11-20  |y BK  |k MAT 
952 |0 0  |1 0  |4 0  |6 512_550000000000000_LLO_1975  |7 0  |8 A  |9 316294  |a BIBMAT  |b BIBMAT  |d 2019-11-20  |h v.2  |i 1305204  |o 512.55 LLO 1975  |p 1305204  |r 2025-01-07  |w 2019-11-20  |y BK  |k MAT